[Event "EU-ch U10 Girls 26th"]
[Site "Prague"]
[Date "2016.08.26"]
[Round "8"]
[White "Cherepanova, Evita"]
[Black "Donchenko, Ekaterina"]
[Result "0-1"]
[WhiteElo "1675"]
[BlackElo "1362"]
[PlyCount "74"]
[EventDate "2016.08.18"]
[EventType "swiss"]
[EventRounds "9"]
[EventCountry "CZE"]
[SourceTitle "CBM 174 Extra"]
[Source "ChessBase"]
[SourceDate "2016.10.10"]
[SourceVersion "1"]
[SourceVersionDate "2016.10.10"]
[SourceQuality "1"]

1. d4 Nf6 2. Nf3 g6 3. Bf4 Bg7 4. e3 0-0 5. Be2 d6 6. h3 Nbd7 7. 0-0 Qe8 8. c4 e5 9. Bh2 Ne4 10. Nbd2 Nxd2 11. Qxd2 e4 12. Ne1 Qe7 13. Nc2 f5 14. Rab1 Nf6 15. b4 Bd7 16. b5 Rab8 17. Qa5 Be6 18. a4 h6 19. Qb4 Nd7 20. a5 g5 21. Qd2 g4 22. d5 Bf7 23. hxg4 fxg4 24. Bxg4 Ne5 25. Bxe5 Bxe5 26. g3 Qg5 27. Bh3 Bh5 28. Nd4 Bxd4 29. Qxd4 Bf3 30. Bg2 Rbe8 31. b6 cxb6 32. axb6 a6 33. Rfc1 h5 34. Rb2 h4 35. Kh2 Re7 36. Bxf3 Rxf3 37. gxh4 Qg4 0-1

[Event "EU-ch U10 Girls 26th"]
[Site "Prague"]
[Date "2016.08.22"]
[Round "5"]
[White "Mikheeva, Galina"]
[Black "Donchenko, Ekaterina"]
[Result "1-0"]
[WhiteElo "1477"]
[BlackElo "1362"]
[PlyCount "145"]
[EventDate "2016.08.18"]
[EventType "swiss"]
[EventRounds "9"]
[EventCountry "CZE"]
[SourceTitle "CBM 174 Extra"]
[Source "ChessBase"]
[SourceDate "2016.10.10"]
[SourceVersion "1"]
[SourceVersionDate "2016.10.10"]
[SourceQuality "1"]

1. e4 g6 2. d4 Bg7 3. Nc3 d6 4. Nf3 a6 5. a4 Nd7 6. Bf4 b6 7. Bc4 e6 8. 0-0 Ne7 9. Re1 0-0 10. Bg3 Bb7 11. Qd3 h6 12. Rad1 Kh7 13. Bb3 Rc8 14. h3 d5 15. Bh4 dxe4 16. Nxe4 Qe8 17. Bxe7 Qxe7 18. d5 Rcd8 19. Nc3 Nc5 20. Qc4 Qf6 21. dxe6 fxe6 22. Rxd8 Rxd8 23. Qg4 Rf8 24. Re3 e5 25. Bd5 c6 26. Ne4 Nxe4 27. Bxe4 h5 28. Qg3 Bh6 29. Rd3 Bf4 30. Qh4 Kg8 31. Qxf6 Rxf6 32. Rd7 Rf7 33. Rd6 g5 34. Bxc6 Bxc6 35. Rxc6 Rd7 36. g3 Bc1 37. Rxb6 Rd1+ 38. Kg2 e4 39. Nxg5 Rd4 40. Re6 Rxa4 41. Nxe4 Bxb2 42. Nc5 Rc4 43. Nxa6 Rxc2 44. Nb4 Rd2 45. Kf3 Bd4 46. Re2 Rd1 47. Re8+ Kf7 48. Rd8 Rd2 49. Ke4 Re2+ 50. Kxd4 Rxf2 51. Ke3 Rg2 52. Kf3 Rb2 53. Rd4 Rb3+ 54. Kf4 Rb1 55. Kg5 Rg1 56. Rd3 Rb1 57. Nd5 Rb8 58. Kxh5 Rh8+ 59. Kg4 Rg8+ 60. Kf4 Rf8 61. Re3 Kg6+ 62. Kg4 Rd8 63. Nf4+ Kf6 64. Re6+ Kf7 65. h4 Rd4 66. h5 Ra4 67. h6 Ra8 68. Kh5 Ra5+ 69. Kh4 Ra8 70. g4 Ra4 71. h7 Kg7 72. Re7+ Kf6 73. h8Q+ 1-0

[Event "EU-ch U10 Girls 26th"]
[Site "Prague"]
[Date "2016.08.20"]
[Round "3"]
[White "Shuqja, Klean"]
[Black "Donchenko, Ekaterina"]
[Result "1-0"]
[WhiteElo "1513"]
[BlackElo "1362"]
[PlyCount "89"]
[EventDate "2016.08.18"]
[EventType "swiss"]
[EventRounds "9"]
[EventCountry "CZE"]
[SourceTitle "CBM 174 Extra"]
[Source "ChessBase"]
[SourceDate "2016.10.10"]
[SourceVersion "1"]
[SourceVersionDate "2016.10.10"]
[SourceQuality "1"]

1. e4 e6 2. d4 d5 3. e5 c5 4. c3 Nc6 5. Nf3 Qb6 6. a3 c4 7. Nbd2 Na5 8. Be2 Ne7 9. 0-0 Nf5 10. g4 Ne7 11. Rb1 Nb3 12. Nxb3 cxb3 13. Bd3 Ng6 14. Ng5 h6 15. Nxf7 Kxf7 16. Qf3+ Kg8 17. Bxg6 Qc7 18. Be3 a5 19. Kh1 b5 20. Rg1 Ba6 21. Rg3 Rc8 22. Rh3 h5 23. Rxh5 Rxh5 24. Bxh5 b4 25. Bg6 bxa3 26. Qh3 Bb4 27. Qh7+ Kf8 28. Qh8+ Ke7 29. Qxg7+ Kd8 30. Qg8+ Kd7 31. Qf7+ Be7 32. Bg5 Qd8 33. Bxe7 Qxe7 34. Qxe7+ Kxe7 35. bxa3 Rxc3 36. h4 a4 37. h5 Rc2 38. Bxc2 bxc2 39. Rc1 Bd3 40. Kg2 Kf7 41. Kf3 Kg7 42. Ke3 Be4 43. f3 Bh7 44. Kd2 Kh6 45. Rxc2 1-0

[Event "EU-ch U10 Girls 26th"]
[Site "Prague"]
[Date "2016.08.19"]
[Round "2"]
[White "Donchenko, Ekaterina"]
[Black "Bashylina, Luisa"]
[Result "1-0"]
[WhiteElo "1362"]
[BlackElo "1664"]
[PlyCount "61"]
[EventDate "2016.08.18"]
[EventType "swiss"]
[EventRounds "9"]
[EventCountry "CZE"]
[SourceTitle "CBM 174 Extra"]
[Source "ChessBase"]
[SourceDate "2016.10.10"]
[SourceVersion "1"]
[SourceVersionDate "2016.10.10"]
[SourceQuality "1"]

1. e4 c5 2. Nf3 e6 3. c3 d5 4. e5 a6 5. d4 Nc6 6. Be2 Nge7 7. Na3 Nf5 8. Nc2 c4 9. 0-0 Be7 10. Ne3 Nxe3 11. Bxe3 0-0 12. Qc2 b5 13. Nd2 b4 14. f4 bxc3 15. bxc3 Bd7 16. Bg4 Rb8 17. f5 exf5 18. Bxf5 Bxf5 19. Rxf5 Qb6 20. Rb1 Qa5 21. Rbf1 Ba3 22. Nb1 Rb2 23. Qd1 Rxa2 24. Qg4 Ne7 25. Rh5 Ng6 26. Rh3 Qb6 27. Qh5 h6 28. Bxh6 gxh6 29. Qxh6 Rxg2+ 30. Kxg2 Nf4+ 31. Qxf4 1-0